Brands and Branding, (Record no. 6220)

MARC details
005 - DATE AND TIME OF LATEST TRANSACTION
control field 20250629090957.0
082 ## - DEWEY DECIMAL CLASSIFICATION NUMBER
Classification number 658.827 CLI
100 ## - MAIN ENTRY--PERSONAL NAME
Author name CLIFTON, R.
245 ## - TITLE STATEMENT
Title Brands and Branding,
260 ## - PUBLICATION, DISTRIBUTION, ETC.
Place of publication, distribution, etc. New York,
Name of publisher, distributor, etc. Bloomberg Press,
Date of publication, distribution, etc. 2009.
300 ## - PHYSICAL DESCRIPTION
Extent xvii, 284,: ill.;
942 ## - ADDED ENTRY ELEMENTS (KOHA)
Source of classification or shelving scheme Dewey Decimal Classification
Koha item type Books

No items available.